| 000 | 00505nam a22001577a 4500 | ||
|---|---|---|---|
| 999 |
_c527468 _d527468 |
||
| 020 | _qHBK. | ||
| 082 | _a658 | ||
| 100 | _aShakeel, Sana | ||
| 245 |
_aA Successful CRM Implementation Project in A Fast Moving Consumer Goods Company (FMCGs): Case Study' / _cSana Shakeel. |
||
| 260 |
_aIslamabad: _bNBS - NUST, _c2016. |
||
| 300 |
_a23 p. : ill. ; _c30cm. |
||
| 942 |
_2ddc _cTHE |
||
| 650 |
_aMBA Thesis. _917629 |
||
| 700 |
_aSir Faqir Taj. _918750 |
||